000 00337 a2200157 4500
001 162782
020 _a
040 _cMagnum
100 _aNucci, Nely A. Guernelli
240 1 0 _aA abelhinha e a tartaruga
_lpor
245 1 0 _aA abelhinha e a tartaruga
362 0 _a1899
440 1 _aPaulinas
697 _aIJ/GERAL
942 _cBK
999 _c162782
_d162782